Stavba letišť

Main Author: Kaun, Miroslav, 1937-
Language: Czech
Published: Praha, 1974
Book
Saved in:
LEADER 00468nam a22001692a 4500
001 000145063
003 CZ BrMZK
005 19961101143423.0
007 ta
008 950101s1974 xr f cze d
040 |a BOA001  |b cze 
100 1 |a Kaun, Miroslav,  |d 1937-  |7 ntka172884 
245 1 0 |a Stavba letišť 
260 |a Praha,  |c 1974 
910 |a BOA001  |b 4-0735.888 
990 |a BK 
996 7 |b 2619953234  |c 4-0735.888  |l MZK  |r Sklad / do 1 hodiny  |n 1  |w 000145063  |u 000010  |a 1  |e BOA001  |j MZK50  |s A